[Event "WC-2016-Q-00005"]
[Site "LSS email"]
[Date "2013.10.22"]
[Round "?"]
[White "Fages, Jorge Juan"]
[Black "Baroin, Bernard"]
[Result "1/2-1/2"]
[WhiteElo "2152"]
[BlackElo "2038"]
[PlyCount "89"]
[EventDate "2013.10.27"]
[EventType "tourn (corr)"]
[EventRounds "12"]
[EventCountry "GER"]
[SourceTitle "Corr 2015"]
[Source "ChessBase"]
[SourceDate "2015.07.17"]
[SourceVersion "1"]
[SourceVersionDate "2015.07.17"]
[SourceQuality "1"]

1. d4 Nf6 2. c4 e6 3. Nf3 b6 4. g3 Ba6 5. b3 Bb4+ 6. Bd2 Be7 7. Bg2 c6 8. Bc3 d5 9. Ne5 Nfd7 10. Nxd7 Nxd7 11. Nd2 0-0 12. 0-0 Rc8 13. e4 b5 14. Re1 dxe4 15. Bxe4 bxc4 16. bxc4 Nb6 17. c5 Nd5 18. Qc2 h6 19. Bg2 Bf6 20. Nf3 Qc7 21. Ne5 Bxe5 22. dxe5 Rfd8 23. Be4 Rd7 24. Red1 Rcd8 25. Bb2 Rb8 26. Rab1 Rb4 27. f3 Qd8 28. a3 Ne3 29. Rxd7 Qxd7 30. Qc1 Rxe4 31. fxe4 Qd3 32. Bc3 Bc4 33. Qe1 Qxe4 34. Rb8+ Kh7 35. Rb2 Kg6 36. h3 Qf3 37. Qf2 Qe4 38. Qe1 Qf3 39. Qf2 Qe4 40. Qf4 Qd3 41. Be1 Bd5 42. Rb7 Kh7 43. Rxf7 Qc2 44. Qf2 Qe4 45. Rxg7+ 1/2-1/2

[Event "SM-2013-0-00254"]
[Site "LSS email"]
[Date "2013.06.01"]
[Round "?"]
[White "Pepermans, Toon"]
[Black "Fages, Jorge Juan"]
[Result "1/2-1/2"]
[WhiteElo "2370"]
[BlackElo "2169"]
[PlyCount "59"]
[EventDate "2013.04.14"]
[EventType "tourn (corr)"]
[EventRounds "6"]
[EventCountry "GER"]
[SourceTitle "Telechess CBM 167"]
[Source "ChessBase"]
[SourceDate "2015.07.13"]
[SourceVersion "1"]
[SourceVersionDate "2015.07.13"]
[SourceQuality "1"]

1. e4 c5 2. Nf3 d6 3. d4 cxd4 4. Nxd4 Nf6 5. Nc3 a6 6. Bg5 e6 7. f4 Qb6 8. Qd2 Qxb2 9. Rb1 Qa3 10. f5 Nc6 11. fxe6 fxe6 12. Nxc6 bxc6 13. Be2 Be7 14. 0-0 0-0 15. Rb3 Qc5+ 16. Be3 Qe5 17. Bf4 Qc5+ 18. Kh1 Ng4 19. h3 e5 20. Na4 Qa7 21. hxg4 exf4 22. Bc4+ Kh8 23. Nb6 Rb8 24. Rxf4 Bd7 25. Nxd7 Qxd7 26. Rf5 d5 27. exd5 Rxb3 28. Rxf8+ Bxf8 29. cxb3 cxd5 30. Qxd5 1/2-1/2

[Event "SM-2013-0-00254"]
[Site "LSS email"]
[Date "2013.06.01"]
[Round "?"]
[White "Ramponelli, Roberto"]
[Black "Fages, Jorge Juan"]
[Result "1/2-1/2"]
[WhiteElo "2088"]
[BlackElo "2169"]
[PlyCount "105"]
[EventDate "2013.04.14"]
[EventType "tourn (corr)"]
[EventRounds "6"]
[EventCountry "GER"]
[SourceTitle "Telechess CBM 167"]
[Source "ChessBase"]
[SourceDate "2015.07.13"]
[SourceVersion "1"]
[SourceVersionDate "2015.07.13"]
[SourceQuality "1"]

1. e4 c5 2. Nf3 d6 3. d4 cxd4 4. Nxd4 Nf6 5. Nc3 a6 6. Bg5 e6 7. f4 Qb6 8. Qd2 Qxb2 9. Rb1 Qa3 10. f5 Nc6 11. fxe6 fxe6 12. Nxc6 bxc6 13. Be2 Be7 14. 0-0 0-0 15. Rb3 Qc5+ 16. Be3 Qe5 17. Bf4 Qc5+ 18. Be3 Qe5 19. Bf4 Nxe4 20. Nxe4 Qxe4 21. Bxd6 Rxf1+ 22. Kxf1 Bf6 23. Bf3 Qc4+ 24. Qe2 Qxe2+ 25. Kxe2 a5 26. Ke3 Ba6 27. Bxc6 Rd8 28. Rb8 Rxb8 29. Bxb8 Kf7 30. a4 Ke7 31. Bc7 Bc3 32. Bb5 Bxb5 33. axb5 Kd7 34. Bg3 a4 35. Kd3 Bb4 36. Kc4 Be7 37. Be5 g6 38. Kc3 Kc8 39. Kd3 Kb7 40. Bd4 Bd6 41. Bg1 Be5 42. c3 Kc7 43. g3 Bd6 44. c4 Be5 45. Kc2 Ba1 46. Kb1 Bc3 47. Ka2 Bb4 48. c5 e5 49. Be3 g5 50. Kb2 g4 51. Kc2 e4 52. Kb2 Kb7 53. Kb1 1/2-1/2

[Event "RA-2013-0-00265"]
[Site "LSS email"]
[Date "2013.03.29"]
[Round "?"]
[White "Fages, Jorge Juan"]
[Black "Osipov, Anatoly Vladimirovi"]
[Result "1/2-1/2"]
[WhiteElo "2184"]
[BlackElo "2129"]
[PlyCount "58"]
[EventDate "2013.02.15"]
[EventType "tourn (corr)"]
[EventRounds "6"]
[EventCountry "GER"]
[SourceTitle "Telechess CBM 161"]
[Source "ChessBase"]
[SourceDate "2014.07.16"]
[SourceVersion "1"]
[SourceVersionDate "2014.07.16"]
[SourceQuality "1"]

1. d4 Nf6 2. c4 e6 3. Nf3 b6 4. g3 Ba6 5. b3 Bb4+ 6. Bd2 Be7 7. Nc3 0-0 8. e4 d5 9. cxd5 Bxf1 10. Kxf1 exd5 11. e5 Ne4 12. Kg2 Qd7 13. Re1 Nxc3 14. Bxc3 Nc6 15. Qd3 h6 16. Nd2 Nb4 17. Bxb4 Bxb4 18. Red1 c6 19. Rac1 a5 20. Nb1 f6 21. f4 fxe5 22. fxe5 Qe6 23. Nc3 Rf7 24. Ne2 g5 25. Rf1 Raf8 26. Rxf7 Qxf7 27. g4 Bd2 28. Qxd2 Qf2+ 29. Kh1 Qf3+ 1/2-1/2

[Event "SM-2012-0-00215"]
[Site "LSS email"]
[Date "2012.09.02"]
[Round "?"]
[White "Fages, Jorge Juan"]
[Black "Montoro, Gustavo Ernesto"]
[Result "1-0"]
[WhiteElo "2184"]
[BlackElo "2106"]
[PlyCount "85"]
[EventDate "2012.08.14"]
[EventType "tourn (corr)"]
[EventRounds "6"]
[EventCountry "GER"]
[SourceTitle "Telechess CBM 161"]
[Source "ChessBase"]
[SourceDate "2014.07.16"]
[SourceVersion "1"]
[SourceVersionDate "2014.07.16"]
[SourceQuality "1"]

1. d4 Nf6 2. c4 g6 3. Nc3 Bg7 4. e4 0-0 5. Nf3 d6 6. Be2 e5 7. Be3 c6 8. d5 Ng4 9. Bg5 f6 10. Bh4 c5 11. 0-0 Na6 12. h3 Nh6 13. a3 g5 14. Bg3 f5 15. Bh2 g4 16. hxg4 Nxg4 17. exf5 Nxh2 18. Nxh2 Nc7 19. Bd3 Bxf5 20. Bxf5 Rxf5 21. Qd3 Rg5 22. Rfe1 Rg6 23. Re3 Qd7 24. Rg3 Rxg3 25. Qxg3 Rf8 26. Ne4 Rf4 27. f3 b5 28. b3 Kh8 29. Qg5 a5 30. Rb1 Ne8 31. Ng4 Rf5 32. Qd2 b4 33. axb4 axb4 34. Ra1 Qd8 35. Ra7 Nc7 36. Rb7 h5 37. Ngf2 Bf8 38. Nh3 Kg8 39. Nhg5 Bh6 40. Ne6 Bxd2 41. Nxd8 Be3+ 42. Kf1 Ne8 43. Ne6 1-0

[Event "SM-2012-0-00215"]
[Site "LSS email"]
[Date "2012.09.02"]
[Round "?"]
[White "Fernandez, Javier Horacio"]
[Black "Fages, Jorge Juan"]
[Result "1/2-1/2"]
[WhiteElo "2172"]
[BlackElo "2184"]
[PlyCount "51"]
[EventDate "2012.08.14"]
[EventType "tourn (corr)"]
[EventRounds "6"]
[EventCountry "GER"]
[SourceTitle "Telechess CBM 161"]
[Source "ChessBase"]
[SourceDate "2014.07.16"]
[SourceVersion "1"]
[SourceVersionDate "2014.07.16"]
[SourceQuality "1"]

1. e4 c5 2. Nf3 Nc6 3. d4 cxd4 4. Nxd4 Nf6 5. Nc3 e6 6. Ndb5 Bb4 7. a3 Bxc3+ 8. Nxc3 d5 9. exd5 exd5 10. Bd3 0-0 11. 0-0 d4 12. Ne2 Bg4 13. Bg5 Qd6 14. f3 Bh5 15. b4 a5 16. b5 Ne5 17. Ng3 Bg6 18. f4 Nxd3 19. cxd3 Nd5 20. f5 f6 21. fxg6 fxg5 22. gxh7+ Kh8 23. Ne4 Qe6 24. Qe2 g4 25. Rxf8+ Rxf8 26. Rf1 1/2-1/2

[Event "SM-2012-0-00215"]
[Site "LSS email"]
[Date "2012.09.02"]
[Round "?"]
[White "Nichols, Scott"]
[Black "Fages, Jorge Juan"]
[Result "1-0"]
[WhiteElo "2223"]
[BlackElo "2184"]
[PlyCount "83"]
[EventDate "2012.08.14"]
[EventType "tourn (corr)"]
[EventRounds "6"]
[EventCountry "GER"]
[SourceTitle "Telechess CBM 161"]
[Source "ChessBase"]
[SourceDate "2014.07.16"]
[SourceVersion "1"]
[SourceVersionDate "2014.07.16"]
[SourceQuality "1"]

1. e4 c5 2. Nf3 d6 3. d4 cxd4 4. Nxd4 Nf6 5. Nc3 a6 6. h3 e5 7. Nb3 Be6 8. Be3 Be7 9. f4 exf4 10. Bxf4 0-0 11. Qf3 Nc6 12. 0-0-0 Qc7 13. g4 h6 14. Qg2 b5 15. Kb1 Rac8 16. g5 hxg5 17. Bxg5 Rfe8 18. Rg1 g6 19. h4 Ne5 20. Nd4 Qd7 21. h5 Nxh5 22. Be2 Nf6 23. Qh2 Nfg4 24. Bxg4 Nxg4 25. Qf4 Bxg5 26. Qxg5 Rc5 27. Qf4 Ne5 28. Rh1 f6 29. Qxf6 Qg7 30. Qh4 g5 31. Qh5 Bf7 32. Qh3 Nc4 33. Nf5 Rxf5 34. exf5 g4 35. Qh4 Kf8 36. Rhe1 g3 37. Rxe8+ Kxe8 38. f6 Qg6 39. Qd4 g2 40. b3 Nd2+ 41. Kb2 Be6 42. Re1 1-0

[Event "SM-2012-0-00201"]
[Site "LSS email"]
[Date "2012.05.15"]
[Round "?"]
[White "Fages, Jorge Juan"]
[Black "Markus, Roland"]
[Result "1/2-1/2"]
[WhiteElo "2195"]
[BlackElo "2242"]
[PlyCount "64"]
[EventDate "2012.04.21"]
[EventType "tourn (corr)"]
[EventRounds "6"]
[EventCountry "GER"]
[SourceTitle "Telechess CBM 159"]
[Source "ChessBase"]
[SourceDate "2014.03.17"]
[SourceVersion "1"]
[SourceVersionDate "2014.03.17"]
[SourceQuality "1"]

1. d4 d5 2. c4 e6 3. Nf3 Nf6 4. Nc3 c6 5. e3 Nbd7 6. Bd3 dxc4 7. Bxc4 b5 8. Bd3 Bb7 9. a3 Bd6 10. 0-0 0-0 11. Qc2 a5 12. Rd1 Qc7 13. Bd2 Rfc8 14. b4 axb4 15. axb4 Rxa1 16. Rxa1 e5 17. Qb3 exd4 18. exd4 Nb6 19. Rc1 Qb8 20. h4 h6 21. Ne4 Nxe4 22. Bxe4 c5 23. bxc5 Bxe4 24. cxd6 Rxc1+ 25. Bxc1 Bxf3 26. gxf3 Qxd6 27. Qxb5 Qxd4 28. Be3 Qd1+ 29. Kg2 Nd7 30. Qc6 Nf8 31. Qc8 Qd7 32. Qb8 Qf5 1/2-1/2

[Event "SM-2011-0-00186"]
[Site "LSS email"]
[Date "2012.01.19"]
[Round "?"]
[White "Mueller Alves, Martin"]
[Black "Fages, Jorge Juan"]
[Result "1/2-1/2"]
[WhiteElo "2332"]
[BlackElo "2203"]
[PlyCount "71"]
[EventDate "2011.12.13"]
[EventType "tourn (corr)"]
[EventRounds "6"]
[EventCountry "GER"]
[SourceTitle "Telechess CBM 155"]
[Source "ChessBase"]
[SourceDate "2013.07.16"]
[SourceVersion "1"]
[SourceVersionDate "2013.07.16"]
[SourceQuality "1"]

1. e4 c5 2. Nf3 d6 3. d4 cxd4 4. Nxd4 Nf6 5. Nc3 a6 6. Bg5 e6 7. f4 Be7 8. Qf3 Qc7 9. 0-0-0 Nbd7 10. g4 b5 11. Bxf6 Nxf6 12. g5 Nd7 13. f5 Bxg5+ 14. Kb1 Ne5 15. Qh5 h6 16. Nxe6 Bxe6 17. fxe6 g6 18. exf7+ Qxf7 19. Qh3 Rd8 20. Nd5 0-0 21. Qa3 Qf3 22. Bd3 Nc4 23. Qb4 Ne5 24. Nc7 Rd7 25. Ne6 Rff7 26. Nxg5 hxg5 27. Qa3 d5 28. Rhf1 Qg2 29. exd5 Rxd5 30. Rxf7 Kxf7 31. Qxa6 Nxd3 32. Qb7+ Kg8 33. Qc8+ Kh7 34. cxd3 Qf3 35. Qc2 b4 36. d4 1/2-1/2

[Event "SM-2011-0-00186"]
[Site "LSS email"]
[Date "2012.01.18"]
[Round "?"]
[White "Fages, Jorge Juan"]
[Black "Sciarretta, Robert W"]
[Result "1/2-1/2"]
[WhiteElo "2203"]
[BlackElo "2182"]
[PlyCount "111"]
[EventDate "2011.12.13"]
[EventType "tourn (corr)"]
[EventRounds "6"]
[EventCountry "GER"]
[SourceTitle "Telechess CBM 155"]
[Source "ChessBase"]
[SourceDate "2013.07.16"]
[SourceVersion "1"]
[SourceVersionDate "2013.07.16"]
[SourceQuality "1"]

1. d4 Nf6 2. c4 e6 3. Nf3 b6 4. g3 Ba6 5. b3 Bb7 6. Bg2 Bb4+ 7. Bd2 c5 8. 0-0 0-0 9. Bxb4 cxb4 10. Qd3 d6 11. Nbd2 a5 12. e4 e5 13. Rfe1 Nbd7 14. Nh4 g6 15. Rad1 exd4 16. Qxd4 Nc5 17. f3 Ne8 18. Bh3 a4 19. Ng2 Ng7 20. Ne3 axb3 21. axb3 f5 22. exf5 gxf5 23. Nd5 Nge6 24. Qe3 Bxd5 25. cxd5 Nc7 26. Nf1 Nb5 27. Qf4 Nc3 28. Rd2 Nxb3 29. Rc2 Nb5 30. Rc4 Na3 31. Rc6 Nb5 32. Ne3 Qf6 33. Bf1 N5d4 34. Rxd6 Qe5 35. Qxe5 Nxf3+ 36. Kh1 Nxe5 37. Rxb6 Nc5 38. Rb1 f4 39. gxf4 Ned3 40. f5 Rfb8 41. Rc6 b3 42. Nd1 Ra4 43. Nb2 Rd4 44. Nxd3 Nxd3 45. Rc3 Nf4 46. Rcxb3 Rxb3 47. Rxb3 Nxd5 48. Bh3 h5 49. Kg2 Kg7 50. Kg3 Kh6 51. Bg2 h4+ 52. Kf3 Kg5 53. Ke2 Nf6 54. Ke3 Rf4 55. h3 Rxf5 56. Ra3 1/2-1/2

[Event "SM-2011-0-00182"]
[Site "LSS email"]
[Date "2011.12.14"]
[Round "?"]
[White "Fages, Jorge Juan"]
[Black "Kubasky, Alojz"]
[Result "1-0"]
[WhiteElo "2183"]
[BlackElo "2182"]
[PlyCount "77"]
[EventDate "2011.11.11"]
[EventType "tourn (corr)"]
[EventRounds "6"]
[EventCountry "GER"]
[SourceTitle "Telechess CBM 165"]
[Source "ChessBase"]
[SourceDate "2015.03.11"]
[SourceVersion "1"]
[SourceVersionDate "2015.03.11"]
[SourceQuality "1"]

1. d4 e6 2. c4 c5 3. d5 exd5 4. cxd5 d6 5. Nc3 g6 6. e4 Nf6 7. f4 Bg7 8. Bb5+ Nfd7 9. a4 0-0 10. Nf3 a6 11. Be2 Re8 12. 0-0 Nf8 13. h3 Nbd7 14. Bd2 Bd4+ 15. Kh1 Nf6 16. e5 dxe5 17. fxe5 Bxc3 18. bxc3 Nxd5 19. Bg5 Qd7 20. Qc1 Ne6 21. Rd1 Qc6 22. Bc4 Ne7 23. Bf6 b5 24. axb5 axb5 25. Bxe6 Bxe6 26. Rxa8 Qxa8 27. Nh4 Rd8 28. Bxe7 Rxd1+ 29. Qxd1 b4 30. cxb4 cxb4 31. Bxb4 Bxh3 32. Qd6 Be6 33. Kh2 Qe8 34. Nf3 h6 35. Nd4 Ba2 36. Bd2 Kh7 37. Qf6 Be6 38. Qh4 h5 39. Qf6 1-0

[Event "SM-2011-0-00182"]
[Site "LSS email"]
[Date "2011.12.14"]
[Round "?"]
[White "Wosch, Arkadiusz Janusz"]
[Black "Fages, Jorge Juan"]
[Result "1/2-1/2"]
[WhiteElo "2215"]
[BlackElo "2183"]
[PlyCount "86"]
[EventDate "2011.11.11"]
[EventType "tourn (corr)"]
[EventRounds "6"]
[EventCountry "GER"]
[SourceTitle "Telechess CBM 165"]
[Source "ChessBase"]
[SourceDate "2015.03.11"]
[SourceVersion "1"]
[SourceVersionDate "2015.03.11"]
[SourceQuality "1"]

1. e4 c5 2. Nf3 d6 3. d4 cxd4 4. Nxd4 Nf6 5. Nc3 a6 6. Be3 e6 7. f3 b5 8. Qd2 Nbd7 9. g4 h6 10. 0-0-0 Bb7 11. h4 b4 12. Na4 Qa5 13. b3 Rc8 14. Kb1 Nc5 15. Nxc5 dxc5 16. Ne2 Rd8 17. Qc1 Rxd1 18. Qxd1 Nd7 19. Nf4 Qc7 20. Bc4 Ne5 21. Qe2 Qc6 22. Nd3 Nxc4 23. bxc4 a5 24. Rd1 Bd6 25. Qf2 Ba6 26. Bxc5 0-0 27. Bxd6 Qxd6 28. g5 h5 29. c5 Qc7 30. f4 Rd8 31. Qe3 a4 32. Rd2 b3 33. axb3 axb3 34. cxb3 Rxd3 35. Rxd3 Bxd3+ 36. Qxd3 Qxc5 37. f5 Qg1+ 38. Kb2 Qf2+ 39. Ka3 Qa7+ 40. Kb4 Qb6+ 41. Ka4 Qa7+ 42. Kb5 Qb7+ 43. Kc5 Qc7+ 1/2-1/2

[Event "WC-2014-S-00004"]
[Site "LSS email"]
[Date "2011.07.16"]
[Round "?"]
[White "Fages, Jorge Juan"]
[Black "Llorente Alvarez, Jose Luis"]
[Result "1/2-1/2"]
[WhiteElo "2195"]
[BlackElo "2097"]
[PlyCount "68"]
[EventDate "2011.07.22"]
[EventType "tourn (corr)"]
[EventRounds "6"]
[EventCountry "GER"]
[SourceTitle "Telechess CBM 163"]
[Source "ChessBase"]
[SourceDate "2014.11.11"]
[SourceVersion "2"]
[SourceVersionDate "2014.11.11"]
[SourceQuality "1"]

1. d4 Nf6 2. c4 e6 3. Nf3 c5 4. d5 exd5 5. cxd5 g6 6. Nc3 Bg7 7. e4 d6 8. h3 0-0 9. Bd3 b5 10. Nxb5 Re8 11. 0-0 Nxe4 12. Re1 a6 13. Na3 Nf6 14. Rxe8+ Nxe8 15. Bg5 Qc7 16. Qa4 Nf6 17. Nb5 Qd7 18. Bxf6 Bxf6 19. Re1 Bb7 20. Qf4 Be5 21. Rxe5 axb5 22. Re1 Bxd5 23. Ng5 Nc6 24. Bxb5 Qf5 25. Qd2 Nd4 26. Bd3 Qd7 27. Be4 Qb7 28. Qf4 Bxe4 29. Nxe4 Qxb2 30. Nxd6 Ne2+ 31. Rxe2 Qxe2 32. Qxf7+ Kh8 33. Qf6+ Kg8 34. Qf7+ Kh8 1/2-1/2

[Event "RM-2011-0-00070"]
[Site "LSS email"]
[Date "2011.03.06"]
[Round "?"]
[White "Fages, Jorge Juan"]
[Black "Wosch, Arkadiusz Janusz"]
[Result "1/2-1/2"]
[WhiteElo "2149"]
[BlackElo "2186"]
[PlyCount "112"]
[EventDate "2011.01.19"]
[EventType "tourn (corr)"]
[EventRounds "6"]
[EventCountry "GER"]
[SourceTitle "Telechess CBM 147"]
[Source "ChessBase"]
[SourceDate "2012.03.16"]
[SourceVersion "1"]
[SourceVersionDate "2012.03.16"]
[SourceQuality "1"]

1. d4 Nf6 2. c4 e6 3. Nf3 d5 4. Nc3 c6 5. e3 Nbd7 6. Bd3 dxc4 7. Bxc4 b5 8. Bd3 Bb7 9. 0-0 a6 10. e4 c5 11. d5 Qc7 12. Bc2 c4 13. dxe6 fxe6 14. Nd4 Nc5 15. Be3 e5 16. Nf5 Ncxe4 17. Nxe4 Nxe4 18. Re1 g6 19. Bxe4 Bxe4 20. Nh6 Bxh6 21. Bxh6 Rd8 22. Qg4 Bf5 23. Qg3 Rd5 24. Qf3 Qd6 25. a4 Kd7 26. axb5 Rxb5 27. Red1 Bd3 28. Qf7+ Kc8 29. Qxc4+ Bxc4 30. Rxd6 Rc5 31. Be3 Rc7 32. b3 Bb5 33. Re6 Re8 34. Raxa6 Bxa6 35. Rxe8+ Kd7 36. Rxe5 Rb7 37. h4 Rxb3 38. Kh2 Rb5 39. Re4 Bb7 40. Ra4 Rb2 41. Kg3 Rb3 42. Ra7 Kc7 43. Kf4 Rb5 44. f3 Rb2 45. Kg3 Kd6 46. Bd4 Rb5 47. Kf4 Rb1 48. Bc3 Rb3 49. Ba1 Rb4+ 50. Kg5 Ke6 51. Bc3 Rb3 52. Kh6 Bxf3 53. Ra6+ Kd7 54. gxf3 Rxc3 55. Rf6 Rc4 56. f4 Ke7 1/2-1/2

[Event "LSS RM-2010-0-00069"]
[Site "LSS email"]
[Date "2011.03.01"]
[Round "?"]
[White "Wlodarczyk, Robert"]
[Black "Fages, Jorge Juan"]
[Result "1/2-1/2"]
[WhiteElo "2206"]
[BlackElo "2149"]
[PlyCount "31"]
[EventDate "2010.12.11"]
[EventType "tourn (corr)"]
[EventRounds "6"]
[EventCountry "GER"]
[SourceTitle "Corr 2015"]
[Source "ChessBase"]
[SourceDate "2015.07.17"]
[SourceVersion "1"]
[SourceVersionDate "2015.07.17"]
[SourceQuality "1"]

1. c4 Nf6 2. g3 e5 3. Bg2 d5 4. cxd5 Nxd5 5. Nc3 Nb6 6. Nf3 Nc6 7. 0-0 Be7 8. Rb1 a5 9. d3 0-0 10. Be3 Be6 11. Bxb6 cxb6 12. Qa4 Rc8 13. Rbc1 f5 14. Rfd1 Bf6 15. e4 Kh8 16. Bh3 1/2-1/2